Holy Quran (Record no. 347219)

000 -LEADER
fixed length control field 00317 a2200121 4500
082 ## - DEWEY DECIMAL CLASSIFICATION NUMBER
Classification number 297.1225
100 ## - MAIN ENTRY--PERSONAL NAME
Personal name Picktmall,Marmaduke.
9 (RLIN) 120283
245 ## - TITLE STATEMENT
Title Holy Quran
Statement of responsibility, etc. Marmaduke Picktmall
260 ## - PUBLICATION, DISTRIBUTION, ETC.
Place of publication, distribution, etc. Rawalpindi
Name of publisher, distributor, etc. TAJ Company LTD.
Date of publication, distribution, etc. 2002
300 ## - PHYSICAL DESCRIPTION
Extent 637p
500 ## - GENERAL NOTE
General note Hard cover
942 ## - ADDED ENTRY ELEMENTS (KOHA)
Institution code [OBSOLETE] NBS
Koha item type Book
Call number prefix 297.1225 PIC
Source of classification or shelving scheme
Holdings
Withdrawn status Lost status Source of classification or shelving scheme Damaged status Not for loan Permanent Location Current Location Shelving location Date acquired Total Checkouts Total Renewals Full call number Barcode Checked out Date last seen Date last checked out Price effective from Koha item type
          Central Library (CL) Central Library (CL) First Floor - Islam 08/28/2013 1 1 297.1225 PIC NBS4295 05/08/2026 02/26/2026 02/26/2026 08/28/2013 Book
          NUST Law School (NLS) NUST Law School (NLS)   08/28/2013 2 3 297.1225 PIC NBS4296   11/29/2024 05/06/2024 08/28/2013 Book
© 2023 Central Library, National University of Sciences and Technology. All Rights Reserved.